000 01378cam a2200385 a 4500
001 59193
005 20230410120806.0
008 071114s2006 nyu b 001 0 eng
010 _a 2007281899
035 _a(OCoLC)ocm70919987
040 _aDLC
_cDLC
_dBKL
_dBAKER
_dTEF
_dYDXCP
_dBTCTA
_dCZL
020 _a0307345890
020 _a9780307345899
029 1 _aYDXCP
_b2418675
029 1 _aNZ1
_b11127830
035 _a(OCoLC)70919987
043 _an-us---
050 1 4 _aHV4505
_b.K75 2008
082 0 0 _a362.50973
_222
100 1 _aKozol, Jonathan.
245 1 0 _aRachel and her children :
_bhomeless families in America /
_cJonathan Kozol.
260 _aNew York :
_bThree Rivers Press,
_cc2006.
300 _a303 p. ;
_c21 cm.
504 _aIncludes bibliographical references (p. [285]-288) and index.
650 0 _aHomeless persons
_zUnited States.
650 0 _aPoor
_zUnited States.
856 4 2 _3Contributor biographical information
_uhttp://www.loc.gov/catdir/enhancements/fy0808/2007281899-b.html
856 4 2 _3Publisher description
_uhttp://www.loc.gov/catdir/enhancements/fy0808/2007281899-d.html
938 _aBaker & Taylor
_bBKTY
_c13.95
_d10.46
_i0307345890
_n0006754800
_sactive
938 _aYBP Library Services
_bYANK
_n2418675
938 _aBaker and Taylor
_bBTCP
_nBK0006754800
942 _2lcc
_cbk
946 _aclperez
994 _aC0
_bDRFGD
999 _c51968
_d51968